| 000 | 00000nam##2200000za#4500 |
| 001 | 9.602138 |
| 003 | CaOODSP |
| 005 | 20210624210423 |
| 007 | cr ||||||||||| |
| 008 | 150406|2002||||xxc|||||o f|0| 0 fre|d |
| 040 | |aCaOODSP|bfre |
| 043 | |an-cn--- |
| 086 | 1 |aNH18-23/101F-PDF |
| 110 | 2 |aSociété canadienne d'hypothèques et de logement. |
| 245 | 10|aPro-Home : |h[ressource électronique]|bl'accession à la propriété rendue abordable grâce à une méthode progressive et mesurée |
| 260 | |aOttawa - Ontario : |bSociété canadienne d'hypothèques et de logement |cAvril 2002. |
| 300 | |a4p.|bfigures en couleur, graphique, photographies |
| 490 | 1 |aLe point en recherche. Série socio-économique|v101 |
| 590 | |a11-22-Supp|b2011-10-13 |
| 691 | 07|aLogement|2gcpds |
| 691 | 07|aConstruction|2gcpds |
| 691 | 07|aImmobilier|2gcpds |
| 775 | 08|tPro-Home : |w(CaOODSP)9.571713 |
| 776 | 0#|tPro-home: l'accession à la propriété rendue abordable grâce à une méthode progressive et mesurée |w(CaOODSP)9.625961 |
| 830 | #0|aLe point en recherche. Série socio-économique ;|v101|w(CaOODSP)9.501568 |
| 856 | 40|ahttp://publications.gc.ca|qPDF|s195 Ko|uhttps://publications.gc.ca/collections/Collection/NH18-23-101F.pdf|y101 |